=LDR 00000nam 2200000 4500 =001 000807 =005 20250711114611 =035 ##$$a 0010-0725000677 =007 ta =008 250711################a##########0#ind## =020 ##$$a 978-623-472-294-9 =082 ##$$a 398.209 598 =084 ##$$a 398.209 598 YOL s =100 #$$a Yolmo, Dawa Lahmu =245 1#$$a Shrek, srek, srek! /$c Dawa lahmu yolmo =250 ##$$a Cetakan pertama =260 ##$$a Jakarta :$b Badan pengembangan dan pembinaan bahasa,$c 2022 =300 ##$$a 24 hlm. : $b Ilus. ; $c 22,9 cm